[Event "LSS RN-2008-0-00172"]
[Site "LSS email"]
[Date "2009.01.10"]
[Round "?"]
[White "Nistri, Paolo"]
[Black "Gonzalez, Natalia"]
[Result "1-0"]
[WhiteElo "983"]
[BlackElo "800"]
[PlyCount "27"]
[EventDate "2009.01.08"]
[EventType "tourn (corr)"]
[EventRounds "6"]
[EventCountry "GER"]
[SourceTitle "Corr 2015"]
[Source "ChessBase"]
[SourceDate "2015.07.17"]
[SourceVersion "1"]
[SourceVersionDate "2015.07.17"]
[SourceQuality "1"]

1. e4 c5 2. Nf3 Nc6 3. c3 d5 4. e5 Bg4 5. Be2 Bxf3 6. Bxf3 Nxe5 7. d4 Nxf3+ 8. Qxf3 e6 9. 0-0 Nf6 10. Bg5 cxd4 11. Bxf6 Qxf6 12. Qxf6 gxf6 13. cxd4 Rc8 14. Nc3 1-0

[Event "LSS OP-2008-0-00705"]
[Site "LSS email"]
[Date "2008.12.26"]
[Round "?"]
[White "Somogyi, Gabor"]
[Black "Gonzalez, Natalia"]
[Result "1-0"]
[WhiteElo "1677"]
[BlackElo "800"]
[PlyCount "27"]
[EventDate "2008.12.23"]
[EventType "tourn (corr)"]
[EventRounds "4"]
[EventCountry "GER"]
[SourceTitle "Corr 2015"]
[Source "ChessBase"]
[SourceDate "2015.07.17"]
[SourceVersion "1"]
[SourceVersionDate "2015.07.17"]
[SourceQuality "1"]

1. d4 Nf6 2. c4 e6 3. Nc3 d5 4. Nf3 Be7 5. Bg5 0-0 6. e3 Nbd7 7. Qc2 c5 8. cxd5 Nxd5 9. Bxe7 Qxe7 10. Nxd5 exd5 11. Bd3 g6 12. dxc5 Nxc5 13. 0-0 Nxd3 14. Qxd3 1-0

[Event "LSS OP-2008-0-00705"]
[Site "LSS email"]
[Date "2008.12.25"]
[Round "?"]
[White "Gonzalez, Natalia"]
[Black "Roegiers, Ludo"]
[Result "0-1"]
[WhiteElo "800"]
[BlackElo "1171"]
[PlyCount "26"]
[EventDate "2008.12.23"]
[EventType "tourn (corr)"]
[EventRounds "4"]
[EventCountry "GER"]
[SourceTitle "Corr 2015"]
[Source "ChessBase"]
[SourceDate "2015.07.17"]
[SourceVersion "1"]
[SourceVersionDate "2015.07.17"]
[SourceQuality "1"]

1. e4 e6 2. d4 d5 3. Nd2 dxe4 4. Nxe4 Nd7 5. Nf3 Ngf6 6. Nxf6+ Nxf6 7. Bg5 Be7 8. Bd3 0-0 9. Qe2 Bd7 10. Ne5 Nd5 11. Bd2 c5 12. dxc5 Bxc5 13. 0-0-0 Bc6 0-1